00644nam a22001937a 450000500170000001000150001702000260003203500140005803700090007208200110008110000220009224500360011426000460015027000620019630000220025894200250028099900190030595201260032420250704160955.0 aENG-145642 c125.00a9788124113622 aEN-129174 bDBAD a301.24 aNarula Uma982633 aMass Communication/cUma Narula aNew DelhibHar-Anand Publications Pvt Ltd aE-49/3, Okhla Industrial Area, Phase-2bNew Delhie110020 a115p.c21.4cm(pb) 2ddccENh301.24mNAR c212128d212128 001040708NFICaCJbCJd2025-07-04eDBADg125.00l0o301.24 NARpEN-129174r2025-07-04 00:00:00v125.00w2025-07-04yEN